000
00318nam a2200121 a 4500
005
20140414132112.0
008
110805s19uu xx 00 eng d
050
_a
TR 372.19
_b
H66 2002
100
_a
Hodges, Di
245
_a
365 TV-free Activities for kids.
260
_a
Australia :
_b
Hinkler,
_c
2002.
999
_c
114795
_d
114795